Litho-mineralogical characteristics and facies formation conditions of oil-reservoir rocks J[1]{1} and J[1]{2} in Kazan oilfield (Tomsk Oblast); IOP Conference Series: Earth and Environmental Science; Vol. 24 : Scientific and Technical Challenges in the Well Drilling Progress, 24–27 November 2014, Tomsk, Russia

Detalles Bibliográficos
Parent link:IOP Conference Series: Earth and Environmental Science
Vol. 24 : Scientific and Technical Challenges in the Well Drilling Progress, 24–27 November 2014, Tomsk, Russia.— 2015.— [012018, 6 p.]
Autor Principal: Krasnoshchekova L. A. Lubov Afanasievna
Corporate Authors: Национальный исследовательский Томский политехнический университет (ТПУ) Институт природных ресурсов (ИПР) Кафедра геологии и разведки полезных ископаемых (ГРПИ), Национальный исследовательский Томский политехнический университет (ТПУ) Институт природных ресурсов (ИПР) Кафедра иностранных языков (ИЯПР)
Outros autores: Cherdansteva D., Abramova R. N. Raisa Nikolaevna
Summary:Title screen
The detailed investigation results of textural rock characteristics indicated the predominate lithological facies in formation layers J[1]{1} and J[1]{2} (Kazan oil/gas-condensate field), their sedimentation sequence and further alteration of environmental formation conditions. The stage processes and secondary alterations in rocks significantly influencing the reservoir properties were determined.
Режим доступа: по договору с организацией-держателем ресурса
Idioma:inglés
Publicado: 2015
Subjects:
Acceso en liña:http://dx.doi.org/10.1088/1755-1315/24/1/012018
Formato: Electrónico Capítulo de libro
KOHA link:https://koha.lib.tpu.ru/cgi-bin/koha/opac-detail.pl?biblionumber=639700

MARC

LEADER 00000nla2a2200000 4500
001 639700
005 20240216160533.0
035 |a (RuTPU)RU\TPU\network\4188 
035 |a RU\TPU\network\4160 
090 |a 639700 
100 |a 20150320a2015 k y0engy50 ba 
101 0 |a eng 
105 |a y z 100zy 
135 |a drcn ---uucaa 
181 0 |a i  
182 0 |a b 
200 1 |a Litho-mineralogical characteristics and facies formation conditions of oil-reservoir rocks J[1]{1} and J[1]{2} in Kazan oilfield (Tomsk Oblast)  |f L. A. Krasnoshchekova, D. Cherdansteva, R. N. Abramova 
203 |a Text  |c electronic 
300 |a Title screen 
320 |a [References: 5 tit.] 
330 |a The detailed investigation results of textural rock characteristics indicated the predominate lithological facies in formation layers J[1]{1} and J[1]{2} (Kazan oil/gas-condensate field), their sedimentation sequence and further alteration of environmental formation conditions. The stage processes and secondary alterations in rocks significantly influencing the reservoir properties were determined. 
333 |a Режим доступа: по договору с организацией-держателем ресурса 
461 0 |0 (RuTPU)RU\TPU\network\2499  |t IOP Conference Series: Earth and Environmental Science 
463 0 |0 (RuTPU)RU\TPU\network\4016  |t Vol. 24 : Scientific and Technical Challenges in the Well Drilling Progress, 24–27 November 2014, Tomsk, Russia  |o [proceedings]  |f National Research Tomsk Polytechnic University (TPU)  |v [012018, 6 p.]  |d 2015 
610 1 |a электронный ресурс 
610 1 |a труды учёных ТПУ 
610 1 |a минералогические характеристики 
610 1 |a газоконденсатные месторождения 
610 1 |a нефти 
700 1 |a Krasnoshchekova  |b L. A.  |c geologist  |c Associate Professor of Tomsk Polytechnic University, Candidate of geological and mineralogical sciences  |f 1969-  |g Lubov Afanasievna  |3 (RuTPU)RU\TPU\pers\33268  |9 17013 
701 1 |a Cherdansteva  |b D. 
701 1 |a Abramova  |b R. N.  |c linguist  |c Associate Professor of Tomsk Polytechnic Universit  |f 1950-  |g Raisa Nikolaevna  |3 (RuTPU)RU\TPU\pers\31022 
712 0 2 |a Национальный исследовательский Томский политехнический университет (ТПУ)  |b Институт природных ресурсов (ИПР)  |b Кафедра геологии и разведки полезных ископаемых (ГРПИ)  |3 (RuTPU)RU\TPU\col\18660 
712 0 2 |a Национальный исследовательский Томский политехнический университет (ТПУ)  |b Институт природных ресурсов (ИПР)  |b Кафедра иностранных языков (ИЯПР)  |3 (RuTPU)RU\TPU\col\18662 
801 2 |a RU  |b 63413507  |c 20161226  |g RCR 
856 4 |u http://dx.doi.org/10.1088/1755-1315/24/1/012018 
942 |c CF